20 retratos del General José Antonio Paez/ (Registro nro. 322762)

Detalles MARC
000 -ENCABEZADO
Número de control [NR] 00777nam a22001937a 4500
005 - FECHA Y HORA DE LA ÚLTIMA TRANSACCIÓN
control field 20230606142314.0
008 - DE LONGITUD FIJA DE DATOS DE ELEMENTOS - INFORMACIÓN GENERAL
Elementos de longitud fija [NR] 230606b ||||| |||| 00| 0 eng d
040 ## - FUENTE DE CATALOGACION [NR]
Agencia de catalogación original [NR] CO-BoUCM
Quien Cataloga David Moreno
Quien Clasifica David Moreno
041 ## - CODIGO DE IDIOMA [R]
Código de idioma para texto/pista de sonido o título separado [R] Español
100 1# - ASIENTO PRINCIPAL--NOMBRE PERSONAL [NR]
Nombre personal [NR] Boulton, Alfredo
Fechas asociadas con el nombre [NR] 1908-
ID Autoridad 177932
245 1# - MENCION DE TITULO [NR]
Título [NR] 20 retratos del General José Antonio Paez/
Mención de responsabilidad, etc. [NR] Alfredo Boulton ; aportación gráfica de Diego Bosque García.
260 ## - PUBLICACION, DISTRIBUCION, ETC. (PIE DE IMPRENTA) [R]
Lugar de publicación, distribución, etc. [R] Caracas
Nombre del editor, distribuidor, etc. [R] Ediciones de la Presidencia de la República
Fecha de publicación, distribución, etc. [R] 1972
300 ## - DESCRIPCION FISICA [R]
Extensión [R] 103 Paginas
Otros detalles físicos [NR] ilustraciones
490 ## - MENCION DE SERIE [R]
Mención de serie [R] Enrique Uribe White-Colección.
600 ## - ASIENTO SECUNDARIO DE MATERIA - NOMBRE PERSONAL [R]
Nombre personal [NR] Paéz, José Antonio
Subdivisión cronológica [R] 1790-1873
9 (RLIN) 177933
700 1# - ASIENTO SECUNDARIO - NOMBRE PERSONAL [R]
Nombre personal [NR] Bosque García, Diego
Término de relación [R] ilustrador
9 (RLIN) 177934
942 ## - ELEMENTOS DE ENTRADA AGREGADOS (KOHA)
Sistema de clasificación DEWEY
Tema principal Historia
Tipo de ítem principal el descrito en 300a Libro
Edición 1
Clasificación 923.587
Prefijo de la signatura top. (colección) Literatura - Colombia
Parte restante de la signatura top. B68v
Título oculto en OPAC No
Existencias
Signatura topográfica Código de barras Última vez visto Ejemplar Costo de reposición Price effective from Tipo de ítem Perdido Sistema de clasificación Dañado No prestable Tipo de ítem específico Suprimido Ubicación habitual Ubicación actual Localización Fecha de creación Forma de adquisición
923.587 B68v 100171559 09/12/2025 Ej.1 26000.00 06/06/2023 Libro   DEWEY     Libro   Claustro Claustro 2do piso 06/06/2023 Donación